| 000 | 03706nam a22003017a 4500 | ||
|---|---|---|---|
| 003 | NALT | ||
| 005 | 20250616150148.0 | ||
| 008 | s2549 th tha d | ||
| 020 | _a9749457692 | ||
| 020 | _a9789744143242 | ||
| 040 | _aNALT | ||
| 041 | _atha | ||
| 050 |
_aHD 37 _bจ214ก 2549 |
||
| 100 | 0 | _aจักร ติงศภัทิย์ | |
| 245 | 1 | 0 |
_aการจัดการยุคใหม่ : _bกลยุทธ์การบริหารผลการดำเนินงาน / _cจักร ติงศภัทิย์. _h[electronic resource] |
| 260 |
_aกรุงเทพฯ : _bเอ็กซเปอร์เน็ท, _c2549. |
||
| 300 |
_a173 หน้า ; _c21 ซม. |
||
| 300 | _aOnline resource | ||
| 520 | _aหนังสือเล่มนี้ เหมาะสำหรับผู้บริหารองค์กรธุรกิจ รวมถึงนักบริหารภาครัฐ และองค์กรปกครองส่วนท้องถิ่น ที่จะร่วมกันประสานแนวคิดในการสร้างศักยภาพ จากระดับล่างขึ้นสู่ระดับประเทศ เพื่อการดำรงอยู่ในเวทีโลกได้อย่างยั่งยืน การจัดการยุคใหม่ ในสมัยที่โลกเต็มไปด้วยการแข่งขันและการเปลี่ยนแปลง อย่างรวดเร็ว การพัฒนาศักยภาพขององค์กรทั้งภาคเอกชนและภาครัฐ ให้มีความสามารถ และความได้เปรียบต่อการแข่งขันอย่างยั่งยืนถือเป็นปัจจัยสำคัญต่อการพัฒนาประเทศ ผู้บริหารยุคใหม่ จึงต้องเข้าใจในประเด็นที่สำคัญ ๆ ดังนี้ o หลักการ และแนวทางการวัดเพื่อประเมินขีดความสามารถในการแข่งขันของ IMD o การประเมินผลการดำเนินงานขององค์กรทั้งปวง ด้วย Balanced Scorecard o การใช้แผนผังกลยุทธ์ (Strategy Map) ในการสร้างกลยุทธ์ที่เน้นการเติบโตอย่างยั่งยืน o มุมมองด้านการเงิน, การเรียนรู้และเติบโต o มุมมองด้านกระบวนการ และด้านคุณค่าต่อลูกค้า o การค้นหาจุดบกพร่องและกำหนดแนวทางพัฒนา รวมถึงการแก้ไขปรับปรุงเพื่อสร้างศักยภาพในการแข่งขัน | ||
| 650 | 0 | 4 | _aการจัดการธุรกิจ |
| 650 | 0 | 4 | _aการจัดการคุณภาพโดยรวม |
| 650 | 0 | 4 | _aการประเมินตนเอง |
| 650 | 0 | 4 | _aวิสาหกิจชุมชน |
| 850 | _aNALT | ||
| 856 | 4 | 0 |
_uhttps://ebook.parliament.go.th/ebookall/detail/431575 _yE-Book |
| 942 |
_cGB _2lcc |
||
| 996 |
_ajamriang.p _bCATSTF _c2024-02-12 |
||
| 999 |
_c50872 _d50872 |
||
| 998 |
_j1020 _k นางจำเรียง ระวังสำโรง |
||